1661 1175 1865 1749 1598 1747 1807 1837 1493 1041 1000 1738 1023 1335 1753 1820 1793 1999 1855 1265 1572 1091 1677 1068 1170 1567 1097 1387 1866 1073 1650 1030 1888 1100 1776 1196 1378 1726 1215 1224 1905 1557 1096 1124 1667 1580 1090 1760 1639 1720 1226 1762 1203 1660 1282 1805 1676 1189 1306 1734 1510 1289 1924 1578 1910 1978 1213 1741 1227 1835 1284 1696 1001 1732 1198 1280 1780 1308 1619 1266 1184 1664 1984 1814 1804 1720 1289 1047 1301 1598 1246 1207 1447 1730 1403 1594 1240 1984 1662 BCNSPRNW ULIB Ver.6.0+V

เปลี่ยนเป็นภาษาไทย

Change to English
 แสดงรายละเอียดบรรณานุกรม
  กลับหน้าหลัก

Brief Record : Get Marc (ISO 2709) : E-mail record : QR code < ปิดหน้าต่าง
LEADER : 00000nam 2200000uu 4500
001    13399120861
003     ULIB
008    121019s2551||||th 000 0 tha d
020    ^a9789742242336
090    ^aนว.^bญ115ส
100    ^aญดา
245    ^aสัญญา....หัวใจ /^cญดา
260    ^aกรุงเทพฯ :^bธุรดา,^c2551
300    ^a270 หน้า
945    ^p189^l0^i15316
999    ^aทศพร เกษรทอง
รายการนี้ยังไม่มีแท็ก
คุณยังไม่ได้ล็อกอิน คุณสามารถมีกิจกรรมร่วมกับเว็บไซต์ได้ แต่ต้องล็อกอินก่อน ::
  ล็อกอิน

รายการสื่อสารสนเทศ

ลำดับที่ ประเภท เลขเรียก/บาร์โค้ด สถานที่ สถานะ
1. นวนิยาย
นวนิยาย
นว. ญ115ส  
  Barcode: 15316
ห้องสมุดวิทยาเขตสวรรค์ประชารักษ์
►นวนิยาย
บนชั้น
  ขอยืม

รายการใกล้เคียง
    ผู้แต่ง [ญดา]

BibComment


ยังไม่เคยถูกคอมเมนท์

คอมเมนท์ทรัพยากรรายการนี้
  คอมเมนท์: สัญญาหัวใจ ญดา


 Copyright 2026. Bcnsprnw @Library